000 00463nam a2200205Ia 4500
008 170918s9999 xx 000 0 und d
020 _a439468531
050 _bL427 2002
100 _aLayden, Joe
245 _aXtreme sports :
245 _bfast track /
245 _cJoe Layden.
260 _aNew York :
260 _bScholastic,
260 _c2002
300 _a96 pages :
300 _bcolored illustration ;
300 _c19cm.
500 _a980
999 _c342267
_d342267